| 000 | 00473nam a2200193Ia 4500 | ||
|---|---|---|---|
| 003 | GCL | ||
| 008 | 140319s9999 xx 000 0 eng d | ||
| 040 |
_aGCL / _cGCL |
||
| 082 | 0 | 4 |
_a759 _bM K |
| 100 | 1 | _aMONSEL, PHILIPPE | |
| 245 | 1 | 0 |
_aKLEE, 1879 - 1940 / _cMONSEL, PHILIPPE |
| 260 |
_a[S.N] : _bCERCLE D' ART ، _c1995 |
||
| 300 | _a636 P | ||
| 650 | 0 | 4 | _aARTS |
| 650 | 0 | 4 | _aPAINTING |
| 650 | 0 | 4 | _aPAINTERS |
| 650 | 0 | 4 | _aPAUL, GAUGIN 1848 - 1903 |
| 942 |
_2ddc _cBK |
||
| 999 |
_c14704 _d14704 |
||